Vista normal
Vista MARC
Entrada Personal Name
Número de registros utilizados en: 1
001 - CONTROL NUMBER
- control field: 6299
003 - CONTROL NUMBER IDENTIFIER
- control field: OSt
005 - DATE AND TIME OF LATEST TRANSACTION
- control field: 20200628150739.0
008 - FIXED-LENGTH DATA ELEMENTS
- fixed length control field: 200628|| aca||aabn | a|a d
040 ## - CATALOGING SOURCE
- Original cataloging agency: OSt
- Transcribing agency: OSt
100 ## - HEADING--PERSONAL NAME
- Personal name: Alonso de Santiago, Belén,
670 ## - SOURCE DATA FOUND
- Source citation: Work cat.: (OSt)3374: Alonso de Santiago, Belén, autor, El muu… sterio de la vaca descoyuntada / , 2000